| 000 | 01043nas a2200349 4500 | ||
|---|---|---|---|
| 001 | BR2012009737 | ||
| 003 | BR-BrBNA | ||
| 005 | 20231205121708.0 | ||
| 007 | ta | ||
| 008 | 230509b bl.|||p| |||| 00| 00por d | ||
| 040 |
_aBR-BrBNA _bpor _cBiblioteca Nacional de Agricultura |
||
| 041 | _a(Pt) | ||
| 072 | _aF02 | ||
| 100 | 1 | _aLone, A.B. | |
| 100 | 1 | _aLópez, E.L. | |
| 100 | 1 | _aRovaris, S.R.S. | |
| 100 | 1 | _aKlesener, D.F. | |
| 100 | 1 | _aHigashibara, L. | |
| 100 | 1 | _aAtaíde, L.T. | |
| 100 | 1 | _aRoberto, S.R. | |
| 245 | 1 | _aEfeito do AIB no enraizamento de estacas herbáceas do porta-enxerto de videira VR 43-43 em diferentes substratos | |
| 650 | _aUVA | ||
| 650 | _aENRAIZAMENTO DE ESTACA | ||
| 650 | _aPORTA ENXERTO | ||
| 650 | _aAUXINA | ||
| 650 | _aCASCA DE ARROZ | ||
| 650 | _aCARBONIZAÇÃO | ||
| 650 | _aVERMICULITA | ||
| 773 | 0 |
_tSemina. Ciências Agrárias (Brazil) _xISSN 1676-546X _g(Jul-Sep 2010), v. 31(3) p. 599-604 _wBR2012009737 |
|
| 909 |
_a202311 _bLúcia _c55 _dLúcia Elande |
||
| 942 |
_2AGRIS _n0 _cANA |
||
| 999 |
_c224767 _d224767 |
||